| 000 | 00000nam 2200000zi 4500 |
| 001 | 9.945401 |
| 003 | CaOODSP |
| 005 | 20241125100648 |
| 006 | m o d f |
| 007 | cr cn||||||||| |
| 008 | 241121e202411##oncd o f000 0 fre d |
| 040 | |aCaOODSP|bfre|erda|cCaOODSP |
| 043 | |an-cn--- |
| 086 | 1 |aXC65-1/1-441-10F-PDF |
| 110 | 1 |aCanada. |bParlement. |bChambre des communes. |bComité de liaison, |eauteur, |eorganisme de publication. |
| 245 | 10|aDépenses et activités des comités du 1er avril 2024 au 31 août 2024 / |cla présidente l'hon. Judy A. Sgro, C.P., députée. |
| 264 | 1|a[Ottawa] : |bChambre des communes, Canada = House of Commons, Canada, |cnovembre 2024. |
| 300 | |a1 ressource en ligne (viii, 111 pages) : |bgraphiques. |
| 336 | |atexte|btxt|2rdacontent/fre |
| 337 | |ainformatique|bc|2rdamedia/fre |
| 338 | |aressource en ligne|bcr|2rdacarrier/fre |
| 490 | 1 |aRapport du Comité de liaison ; |v10e rapport, 1re session, 44e législature |
| 500 | |aPublié aussi en anglais sous le titre : Committee activities and expenditures, April 1, 2024 - August 31, 2024. |
| 500 | |aDate originale de publication : 2024/11/20 ; date de publication : 2024/11/22. |
| 520 | |a« Ce rapport couvre la période du 1er avril au 31 août 2024. Au cours de cette période, les comités ont tenu un total de 424 réunions de comités, entendu 1 841 témoins, reçu 1 403 mémoires et présenté 79 rapports à la Chambre » -- Page [2]. |
| 610 | 16|aCanada. |bParlement. |bChambre des communes|xCommissions. |
| 610 | 16|aCanada. |bParlement. |bChambre des communes|xCrédits budgétaires et dépenses. |
| 700 | 1 |aSgro, Judy, |d1944- |
| 775 | 08|tCommittee activities and expenditures, April 1, 2024 - August 31, 2024 / |w(CaOODSP)9.945399 |
| 830 | #0|aRapport du Comité de Liaison ;|v10e rapport, 1re session, 44e législature.|w(CaOODSP)9.504079 |
| 856 | 40|qPDF|s3.20 Mo|uhttps://publications.gc.ca/collections/collection_2024/parl/xc65-1/XC65-1-1-441-10-fra.pdf |
| 856 | 4 |qHTML|sS.O.|uhttps://www.noscommunes.ca/documentviewer/fr/44-1/LIAI/rapport-10 |